000 02514cam a22004098i 4500
001 22252768
003 OSt
005 20231204145030.0
008 210924t20222022nyu b 001 0 eng
010 _a 2021035078
020 _a9781316515426
_q(Hardback)
020 _a9781009011990
_q(Paperback)
020 _z9781009025492
_q(ePub)
040 _aDLC
_beng
_cDLC
_erda
_dDLC
042 _apcc
050 0 0 _aGN740
_b.B377 2022
082 0 0 _a569.9
_bBAR/H
100 1 _aBarsky, Deborah,
_d1962-
_eauthor.
_910005
245 1 0 _aHuman prehistory :
_bexploring the past to understand the future /
_cDeborah Barsky, The Catalan Institute of Human Paleoecology and Social Evolution.
250 _aFirst Edition.
263 _a2212
264 1 _aNew York :
_bCambridge University Press,
_c2022.
264 4 _c© 2022.
300 _apages cm
336 _atext
_btxt
_2rdacontent
337 _aunmediated
_bn
_2rdamedia
338 _avolume
_bnc
_2rdacarrier
504 _aIncludes bibliographical references and index.
520 _a"More than 3 million years ago in Africa, our early ancestors began to systematically modify rocks into useable tools, thus inventing the first technologies that eventually permitted humans to dominate all life forms on the planet. In this book, Deborah Barsky offers a long-term evolutionary perspective on human culture and its relationship with technology. Using scientific information and examples from the global archaeological record, she follows the remarkable human journey from the early phases of prehistory and shows how it has led humans to a dangerously uncertain future. Her archaeological approach enables a fresh perspective regarding important issues that plague contemporary society, such as racism, the digital revolution, human migrations, terrorism, and war. Written in an accessible style, Barsky's book demonstrates how insights into the distant past serve as a tool for understanding the present and building a sustainable future for all life on planet Earth"--
_cProvided by publisher.
650 0 _aAntiquities, Prehistoric.
650 0 _aPrehistoric peoples.
650 0 _aArchaeology.
776 0 8 _iOnline version :
_aBarsky, Deborah, 1962-
_tHuman prehistory
_bFirst Edition.
_dNew York : Cambridge University Press, 2022
_z9781009025492
_w(DLC) 2021035079
906 _a7
_brip
_corignew
_d1
_eecip
_f20
_gy-gencatlg
942 _2ddc
_cBK
_h569.9
_iBAR/H
_k569.9
_mBAR/H
999 _c43852
_d43852